Catalog

Record Details

Catalog Search



Lední medvěd  Cover Image Book Book

Lední medvěd / Jindřich Mann

Record details

  • ISBN: 978-80-87260-88-3
  • Physical Description: 143 stran ; 20 cm
  • Edition: 1. vydání
  • Publisher: V Praze : Labyrint, 2017
Genre: česky psané novely
novellas in Czech

Available copies

  • 1 of 1 copy available at Common Catalog SPOK.

Holds

  • 0 current holds with 1 total copy.
Show Only Available Copies
Location Call Number / Copy Notes Barcode Shelving Location Status Due Date
The Jewish community of Prague K 3451 4638300665 K - Beletrie Available -

LDR 00971cam a2200325 i 4500
00152750
003CZ-PrJAB
00520180525105337.0
007ta
008171018s2017 xr g 000 f cze d
015 . ‡acnb002944704
020 . ‡a978-80-87260-88-3 ‡q(vázáno)
035 . ‡a(CZ PrNK)nkc20172944704
035 . ‡a(OCoLC)1039854644
040 . ‡aULG001 ‡bcze ‡dBOA001 ‡erda
072 7. ‡a821.162.3-3 ‡xČeská próza ‡2Konspekt ‡925
080 . ‡a821.162.3-32 ‡2MRF
080 . ‡a(0:82-32) ‡2MRF
1001 . ‡aMann, Jindřich, ‡d1948- ‡7xx0059426 ‡4aut
24510. ‡aLední medvěd / ‡cJindřich Mann
250 . ‡a1. vydání
264 1. ‡aV Praze : ‡bLabyrint, ‡c2017
300 . ‡a143 stran ; ‡c20 cm
336 . ‡atext ‡btxt ‡2rdacontent
337 . ‡abez média ‡bn ‡2rdamedia
338 . ‡asvazek ‡bnc ‡2rdacarrier
655 7. ‡ačesky psané novely ‡7fd698618 ‡2czenas
655 9. ‡anovellas in Czech ‡2eczenas
910 . ‡aABE461
995 . ‡aska
901 . ‡a52750 ‡bAUTOGEN ‡c52750 ‡tbiblio

Additional Resources